00469nam a2200085Ia 4500008004100000245002300041300024000064650002800304856005100332170517s9999 xx 000 0 und d 4aThe Bitcoin Gospel aA devoted group of entrepreneurs and activists believe they see the writing on the wall, and they're determined to add a new chapter. In their view, the world banks and governments harbor too much control over the financial vitality... xBusiness and Economics. uhttp://topdocumentaryfilms.com/bitcoin-gospel/